1057 1683 1100 1689 1792 1988 1838 1359 1103 1669 1883 1860 1210 1092 1744 1032 1126 1360 1948 1716 1073 1944 1249 1172 1534 1597 1108 1598 1498 1385 1951 1041 1132 1304 1451 1819 1723 1436 1066 1324 1449 1016 1378 1876 1305 1116 1678 1334 1560 1892 1658 1537 1473 1352 1581 1139 1599 1588 1772 1852 1725 1333 1126 1213 1305 1698 1815 1344 1207 1828 1373 1819 1123 1949 1871 1972 1769 1999 1972 1581 1316 1240 1514 1420 1280 1509 1214 1626 1734 1232 1375 1199 1508 1037 1410 1758 1899 1858 1582 BCNSPRNW ULIB Ver.6.0+V

เปลี่ยนเป็นภาษาไทย

Change to English
 แสดงรายละเอียดบรรณานุกรม
  กลับหน้าหลัก

Brief Record : Get Marc (ISO 2709) : E-mail record : QR code < ปิดหน้าต่าง
LEADER : 00000nam 2200000uu 4500
001    13399128193
003     ULIB
008    220815s2022||||th 000 0 tha d
020  & ^a9781119536451
060  & ^aWG140^bB388
100 1  ^aBayes de Luna.
245 10 ^aClinical electrocardiography : ^ba textbook /^c Antoni Bayes de Luna ; with contributions from: A. Bayes Genis ... [et al].
250  & ^a5th ed.
260  & ^aChichester, West Sussex ;^a Hoboken, NJ :^b Wiley-Blackwell,^c2022.
300  & ^axi, 591 p. :^b ill.
500  & ^aWritten by one of the world s most respected cardiologists and designed with the needs of the internist and general clinical cardiologist in mind, this new volume provides clear, accessible guidance on the use of electrocardiography to diagnose and manage cardiovascular disease-- Provided by publisher.
504  & ^aIncludes bibliographical references and index.
505 0  ^aMachine generated contents note: pt. 1 Introductory aspects -- 1 The electrical activity of the heart -- 2 The history of the electrocardiography -- 3 Utility and limitations of the surface ECG : present and future -- pt. 2 The normal ECG -- 4 Anatomical basis of the ECG : from macroscopic anatomy to ultrastructural characteristics -- 5 Electrophysiological basis of the ECG : from cell electrophysiology to the human ECG -- 6 The ECG recording : leads, devices, and techniques -- 7 Characteristics of the normal electrocardiogram : normal ECG waves and intervals -- 8 Diagnostic criteria : sensitivity, specificity, and predictive value -- pt. 3 Abnormal ECG patterns -- 9 Atrial abnormalities -- 10 Ventricular enlargement --11 Ventricular blocks --12 Ventricular pre-excitation
505 0  ^a13 Ischemia and necrosis -- pt. 4 Arrhtythmias -- 14 Mechanisms, classification, and clinical aspects of arrhythmias -- 15 Active supraventricular arrhythmias --16 Active ventricular arrhythmias -- 17 Passive arrhythmias --18 Diagnosis of arrhythmias in clinical practice : a step by step approach -- pt. 5 The clinical usefulness of electrocardiography -- 19 The diagnostic value of electrocardiography abnormalities -- 20 The ECG in different clinical settings of ischemic heart disease -- 21 Inherited heart diseases -- 22 The ECG in other heart diseases -- 23 The ECG in other diseases and different situations -- 24 Other ECG patterns of risk -- 25 Limitations of the conventional ECG : utility of other techniques.
650 4  ^aElectrocardiography^xMethods.
650 4  ^aHeart diseases^xDiagnosis.
700 1  ^aGenis, A. Bayes.
945    ^p0^l0^i009297
999    ^aประนอม เกษจรัล
รายการนี้ยังไม่มีแท็ก
คุณยังไม่ได้ล็อกอิน คุณสามารถมีกิจกรรมร่วมกับเว็บไซต์ได้ แต่ต้องล็อกอินก่อน ::
  ล็อกอิน

รายการสื่อสารสนเทศ

ลำดับที่ ประเภท เลขเรียก/บาร์โค้ด สถานที่ สถานะ
1. วิทยาศาสตร์การแพทย์ และสุขภาพ
หนังสือสำรอง
สถานะ=หนังสือสำรอง
WG140 B388 ฉ.1 
  Barcode: 009297
ห้องสมุดวิทยาเขตสวรรค์ประชารักษ์
►หนังสือทั่วไป
บนชั้น

BibComment


ยังไม่เคยถูกคอมเมนท์

คอมเมนท์ทรัพยากรรายการนี้
  คอมเมนท์: Clinical electro..


 Copyright 2026. Bcnsprnw @Library